| 000 | 00385nam a22001697a 4500 | ||
|---|---|---|---|
| 003 | OSt | ||
| 005 | 20211203085234.0 | ||
| 008 | 211203b |||||||| |||| 00| 0 eng d | ||
| 020 | _a9789350840382 | ||
| 040 | _chu | ||
| 082 | _a910 | ||
| 100 |
_ashahida munsuri _921611 |
||
| 245 | _amodeis of geography | ||
| 260 |
_anew delhi _bhall _c2013 |
||
| 300 | _a272 | ||
| 942 |
_2ddc _cBOOKS _n0 |
||
| 999 |
_c21264 _d21264 |
||